Normal view
MARC view
Entry Personal Name
001 - CONTROL NUMBER
- control field: 1238000
003 - CONTROL NUMBER IDENTIFIER
- control field: OSt
005 - DATE AND TIME OF LATEST TRANSACTION
- control field: 20260430150618.0
008 - FIXED-LENGTH DATA ELEMENTS
- fixed length control field: 260430|| aca||aabn | a|a d
040 ## - CATALOGING SOURCE
- Original cataloging agency: OSt
- Transcribing agency: OSt
100 ## - HEADING--PERSONAL NAME
- Personal name: Goyal Vivek Au.; Gupta Kiran Gu
670 ## - SOURCE DATA FOUND
- Source citation: Work cat.: (OSt)1850207: Goyal Vivek Au.; Gupta Kiran Gu., Dispute Resolution in Sports: A New Challenge for India, 2024
